| 000 | 00520nam a2200157Ia 4500 | ||
|---|---|---|---|
| 008 | 140925s9999 xx 000 0 und d | ||
| 245 |
_aPolish journal of sport and tourism / _h[electronic resource] |
||
| 260 |
_bWalter de Gruyter GmbH, _cc2014. |
||
| 516 | _aElectronic text | ||
| 650 | _aJournal. | ||
| 650 | _aSports and Recreation. | ||
| 650 | _aTourism. | ||
| 830 | _aWalter de Gruyter GmbH | ||
| 856 | _uhttp://www.degruyter.com/view/j/pjst.2013.20.issue-3/issue-files/pjst.2013.20.issue-3.xml | ||
| 942 | _cEJ | ||
| 999 |
_c275865 _d275865 |
||